[Event "Stay Safe Play From Home 268"]
[Site "Emanuel Lasker Arena"]
[Date "2020.07.01"]
[Round "8"]
[White "Klasman"]
[Black "Mepe_Nika"]
[Result "0-1"]
[WhiteElo "1370"]
[BlackElo "2407"]
[PlyCount "38"]
[EventDate "2020.07.01"]
[EventType "swiss (blitz)"]

1. f4 {[%emt 0:00:01]} d5 {[%emt 0:00:01]} 2. Nf3 {[%emt 0:00:01]} Nf6 {[%emt 0:00:00]} 3. e3 {[%emt 0:00:01]} Bf5 {[%emt 0:00:01]} 4. c4 {[%emt 0:00:02]} e6 {[%emt 0:00:02]} 5. Qb3 {[%emt 0:00:01]} b6 {[%emt 0:00:00]} 6. Nc3 {[%emt 0:00:02]} Nbd7 {[%emt 0:00:01]} 7. cxd5 {[%emt 0:00:03]} exd5 {[%emt 0:00:01]} 8. Bb5 {[%emt 0:00:01]} a6 {[%emt 0:00:06]} 9. Bc6 {[%emt 0:00:02]} Rb8 {[%emt 0:00:02]} 10. Nxd5 {[%emt 0:00:03]} Be7 {[%emt 0:00:00]} 11. Nxf6+ {[%emt 0:00:06]} Bxf6 {[%emt 0:00:01]} 12. Ne5 {[%emt 0:00:02]} O-O {[%emt 0:00:03]} 13. O-O {[%emt 0:00:09]} Be6 {[%emt 0:00:05]} 14. Qd3 {[%emt 0:00:11]} Nxe5 {[%emt 0:00:01]} 15. Qxd8 {[%emt 0:00:05]} Rfxd8 {[%emt 0:00:00]} 16. Bf3 {[%emt 0:00:03]} Nxf3+ {[%emt 0:00:02]} 17. Rxf3 {[%emt 0:00:01]} Bd5 {[%emt 0:00:01]} 18. Rg3 {[%emt 0:00:04]} Be4 {[%emt 0:00:02]} 19. d4 {[%emt 0:00:02]} c5 {[%emt 0:00:01] Time (Lag: Av=0.43s, max=0.5s)} 0-1

[Event "Stay Safe Play From Home 268"]
[Site "Emanuel Lasker Arena"]
[Date "2020.07.01"]
[Round "9"]
[White "Mepe_Nika"]
[Black "Broken sword"]
[Result "1-0"]
[WhiteElo "2408"]
[BlackElo "2481"]
[Annotator "TA"]
[PlyCount "127"]
[EventDate "2020.07.01"]
[EventType "swiss (blitz)"]

{[%evp 13,126,34,34,14,15,15,65,79,70,30,33,35,47,31,27,10,20,14,40,22,31,0,22,2,32,-12,-13,-22,0,-35,-37,-45,-50,-67,-37,-67,0,-18,-10,-22,0,-8,-6,-4,65,0,0,0,0,0,23,31,31,20,38,14,16,13,25,13,33,0,0,0,12,0,0,0,0,0,0,0,0,0,0,0,0,0,0,0,39,33,34,0,0,0,0,0,0,0,0,0,0,0,29970,29972,29972,29973,29972,29973,29969,29970,29981,29982,29984,29981,29981,29982,29983,29983,29977,5181,29999,29994,29999]} 1. d4 d5 2. Bf4 c6 3. e3 Nf6 4. c4 Bf5 5. Nc3 e6 6. Qb3 b6 {6...Qc8 is the modern continuation.} 7. Nf3 Bd6 8. Bg3 {D02: 1 d4 d5 2 Nf3 sidelines, including 2...Nf6 3 g3 and 2...Nf6 3 Bf4.} O-O 9. Nh4 Bg6 10. Nxg6 {[#] White is slightly better.} hxg6 $146 ({Predecessor:} 10... fxg6 11. cxd5 exd5 12. Bd3 Qe7 13. O-O-O Kh8 14. Qc2 c5 15. Bxd6 Qxd6 16. dxc5 bxc5 {1-0 (36) Naumann,F (1565)-Adam,R (1624) Germany 2012}) 11. cxd5 exd5 12. Bd3 Qe7 13. Bxd6 Qxd6 14. O-O Nbd7 (14... g5 {feels hotter.} 15. g3 Nbd7 16. Rfd1 g4 17. Rac1 Rfe8) 15. Qc2 c5 16. dxc5 bxc5 17. b3 Rfd8 (17... Rad8 {looks sharper.} 18. Rfd1 Ne5 19. Nb5 Qe7 20. Rac1 a6) 18. Rfd1 Rac8 19. Bb5 Ne5 20. Be2 Qe6 21. h3 d4 22. Na4 dxe3 23. fxe3 Ned7 24. Qc3 Re8 (24... Nd5 $15 25. Qd2 Nxe3) 25. Bb5 Re7 26. Bxd7 Rxd7 27. Rxd7 Nxd7 28. Rc1 Re8 ({Better is} 28... g5 $11) 29. Kh1 (29. Nxc5 $14 Nxc5 30. Qxc5) 29... Qxe3 30. Qxe3 Rxe3 31. Nxc5 Nxc5 (31... Ne5 {is more complex.} 32. Rc2 Re1+ 33. Kh2 g5 34. Kg3 f6) 32. Rxc5 $11 {[%mdl 4096] Endgame KR-KR} Re7 33. Ra5 f6 34. Kg1 g5 35. Kf2 Kf7 36. Kf3 Kg6 37. g4 Kf7 38. Ra4 Kg6 39. Re4 Rc7 40. Re2 Rc3+ 41. Re3 Rc2 42. Re2 Rc3+ 43. Re3 Rc2 44. a4 Rb2 45. Ke4 Kf7 46. Kd5 Rc2 47. a5 g6 $1 48. Kd6 {[#] aiming for Re7+.} f5 49. Re7+ Kf6 50. Rxa7 f4 51. a6 {Strongly threatening Rc7.} f3 52. Ra8 Kf7 53. a7 f2 $2 {[%mdl 8192] [#]} (53... Ra2 $11 54. Rc8 Rxa7) 54. Rf8+ $1 {[%mdl 576] Decoy, Clearance, Promotion} Kxf8 55. a8=Q+ {KQ-KR} Kf7 56. Qf3+ Kg7 57. b4 {[%cal Bb3b4,Bb4b5,Bb5b6][%mdl 32]} Kh6 58. b5 Rb2 59. Kc6 Rc2+ 60. Kb7 Rb2 61. b6 Kg7 62. Qc3+ (62. Kc7 $142 Rc2+ 63. Kb8 Kg8 64. Qf6 Rc3 65. Qxf2 Rxh3 66. b7 Rh7 67. Ka8) 62... Kh6 63. Qxb2 {[%cal Rb2h8]} f1=Q 64. Qh8# {Accuracy: White = 81%, Black = 79%.} 1-0

[Event "Stay Safe Play From Home 268"]
[Site "Emanuel Lasker Arena"]
[Date "2020.07.01"]
[Round "9"]
[White "Fischer_11"]
[Black "The Next Contender"]
[Result "1-0"]
[WhiteElo "2032"]
[BlackElo "1977"]
[Annotator "NA"]
[PlyCount "83"]
[EventDate "2020.07.01"]
[EventType "swiss (blitz)"]

1. e4 {[%emt 0:00:02]} d5 {[%emt 0:00:00]} 2. a3 {[%emt 0:00:01]} dxe4 {[%emt 0:00:01]} 3. Nc3 {[%emt 0:00:00]} Bf5 {[%emt 0:00:00]} 4. Qe2 {[%emt 0:00:00]} Nf6 {[%emt 0:00:00]} 5. Qb5+ {[%emt 0:00:00]} Nbd7 {[%emt 0:00:07]} 6. Qxf5 {[%emt 0:00:01]} e6 {[%emt 0:00:03]} 7. Qf4 {[%emt 0:00:01]} Bd6 {[%emt 0:00:01]} 8. Qe3 {[%emt 0:00:01]} O-O {[%emt 0:00:01]} 9. Nxe4 {[%emt 0:00:00]} Ng4 {[%emt 0:00:01]} 10. Qe2 {[%emt 0:00:01]} f5 {[%emt 0:00:02]} 11. Nxd6 {[%emt 0:00:01]} cxd6 {[%emt 0:00:00]} 12. h3 {[%emt 0:00:01]} Nge5 {[%emt 0:00:01]} 13. Nf3 {[%emt 0:00:01]} Nxf3+ {[%emt 0:00:01]} 14. Qxf3 {[%emt 0:00:00]} Ne5 {[%emt 0:00:00]} 15. Qxb7 {[%emt 0:00:05]} Rb8 {[%emt 0:00:01]} 16. Qxa7 {[%emt 0:00:02]} Re8 {[%emt 0:00:04]} 17. d4 {[%emt 0:00:03]} Ng6 {[%emt 0:00:01]} 18. Qa4 {[%emt 0:00:05]} e5 {[%emt 0:00:01]} 19. Qc4+ {[%emt 0:00:02]} d5 {[%emt 0:00:01]} 20. Qc5 {[%emt 0:00:07]} exd4+ {[%emt 0:00:01]} 21. Be2 {[%emt 0:00:01]} Rc8 {[%emt 0:00:01]} 22. Qxd4 {[%emt 0:00:02]} Rxc2 {[%emt 0:00:02]} 23. Be3 {[%emt 0:00:01]} f4 {[%emt 0:00:02]} 24. Qd3 {[%emt 0:00:04]} Rxb2 {[%emt 0:00:03]} 25. Bd4 {[%emt 0:00:03]} Rexe2+ {[%emt 0:00:03]} 26. Qxe2 {[%emt 0:00:00]} Rxe2+ {[%emt 0:00:01]} 27. Kxe2 {[%emt 0:00:00]} Qe7+ {[%emt 0:00:01]} 28. Kd3 {[%emt 0:00:01]} Qe4+ {[%emt 0:00:01]} 29. Kc3 {[%emt 0:00:01]} Qxg2 {[%emt 0:00:01]} 30. a4 {[%emt 0:00:02]} Qf3+ {[%emt 0:00:00]} 31. Kb4 {[%emt 0:00:02]} Qc3+ {[%emt 0:00:01]} 32. Bxc3 {[%emt 0:00:01]} Nf8 {[%emt 0:00:01]} 33. a5 {[%emt 0:00:00]} Ne6 {[%emt 0:00:00]} 34. a6 {[%emt 0:00:00]} d4 {[%emt 0:00:00]} 35. a7 {[%emt 0:00:00]} dxc3 {[%emt 0:00:00]} 36. a8=Q+ {[%emt 0:00:00]} Kf7 {[%emt 0:00:00]} 37. Kxc3 {[%emt 0:00:00]} Kg6 {[%emt 0:00:00]} 38. Ra6 {[%emt 0:00:01]} Kh5 {[%emt 0:00:00]} 39. Rxe6 {[%emt 0:00:00]} g5 {[%emt 0:00:00]} 40. Re7 {[%emt 0:00:01]} h6 {[%emt 0:00:00]} 41. Rh7 {[%emt 0:00:00]} Kh4 {[%emt 0:00:00]} 42. Rxh6# {[%emt 0:00:00] (Lag: Av=0.53s, max=0.9s)} 1-0

[Event "Stay Safe Play From Home 268"]
[Site "Emanuel Lasker Arena"]
[Date "2020.07.01"]
[Round "9"]
[White "NeatFox"]
[Black "Haris kollari 13"]
[Result "1-0"]
[WhiteElo "1898"]
[BlackElo "1774"]
[Annotator "NA"]
[PlyCount "21"]
[EventDate "2020.07.01"]
[EventType "swiss (blitz)"]

1. g4 {[%emt 0:00:02]} e5 {[%emt 0:00:00]} 2. Bg2 {[%emt 0:00:00]} d5 {[%emt 0:00:01]} 3. c4 {[%emt 0:00:00]} c6 {[%emt 0:00:01]} 4. cxd5 {[%emt 0:00:00]} cxd5 {[%emt 0:00:01]} 5. Qb3 {[%emt 0:00:00]} Ne7 {[%emt 0:00:03]} 6. Nc3 {[%emt 0:00:01]} e4 {[%emt 0:00:02]} 7. d3 {[%emt 0:00:02]} exd3 {[%emt 0:00:02]} 8. exd3 {[%emt 0:00:00]} Bxg4 {[%emt 0:00:09]} 9. Qxb7 {[%emt 0:00:02]} Nd7 {[%emt 0:00:01]} 10. Nb5 {[%emt 0:00:02]} Rc8 {[%emt 0:00:04]} 11. Nd6# {[%emt 0:00:01] (Lag: Av=0.35s, max=0.4s)} 1-0

[Event "Stay Safe Play From Home 268"]
[Site "Emanuel Lasker Arena"]
[Date "2020.07.01"]
[Round "9"]
[White "Trotsky"]
[Black "Klasman"]
[Result "1-0"]
[WhiteElo "1567"]
[BlackElo "1370"]
[Annotator "NA"]
[PlyCount "47"]
[EventDate "2020.07.01"]
[EventType "swiss (blitz)"]

1. d4 {[%emt 0:00:01]} f5 {[%emt 0:00:04]} 2. e3 {[%emt 0:00:01]} Nf6 {[%emt 0:00:02]} 3. c4 {[%emt 0:00:01]} e6 {[%emt 0:00:01]} 4. Nc3 {[%emt 0:00:01]} Bb4 {[%emt 0:00:02]} 5. Bd3 {[%emt 0:00:01]} d5 {[%emt 0:00:02]} 6. Qc2 {[%emt 0:00:00]} Ne4 {[%emt 0:00:03]} 7. Bd2 {[%emt 0:00:01]} Nxd2 {[%emt 0:00:02]} 8. Kxd2 {[%emt 0:00:02]} Nd7 {[%emt 0:00:01]} 9. Nf3 {[%emt 0:00:01]} Nf6 {[%emt 0:00:01]} 10. c5 {[%emt 0:00:01]} O-O {[%emt 0:00:02]} 11. Rad1 {[%emt 0:00:03]} Ne4+ {[%emt 0:00:02]} 12. Kc1 {[%emt 0:00:02]} Bxc3 {[%emt 0:00:04]} 13. bxc3 {[%emt 0:00:01]} c6 {[%emt 0:00:02]} 14. h4 {[%emt 0:00:01]} Qa5 {[%emt 0:00:01]} 15. g4 {[%emt 0:00:01]} Nxc3 {[%emt 0:00:02]} 16. gxf5 {[%emt 0:00:10]} Nxd1 {[%emt 0:00:04]} 17. Kxd1 {[%emt 0:00:05]} exf5 {[%emt 0:00:05]} 18. Ng5 {[%emt 0:00:01]} h6 {[%emt 0:00:02]} 19. e4 {[%emt 0:00:04]} fxe4 {[%emt 0:00:02]} 20. Bxe4 {[%emt 0:00:01]} dxe4 {[%emt 0:00:07]} 21. Qxe4 {[%emt 0:00:01]} Bf5 {[%emt 0:00:01]} 22. Qe5 {[%emt 0:00:04]} Qxa2 {[%emt 0:00:03]} 23. Ne4 {[%emt 0:00:03]} Qa1+ {[%emt 0:00:02]} 24. Ke2 {[%emt 0:00:02] Time (Lag: Av=0.39s, max=0.8s)} 1-0